| 000 | 00494nam a2200193Ia 4500 | ||
|---|---|---|---|
| 008 | 230125s9999 xx 000 0 und d | ||
| 020 | _a978-93-81576-04-5 | ||
| 041 | _aeng | ||
| 082 |
_a823 _bNEE |
||
| 100 |
_aNeelakantan A _9117812 |
||
| 245 | _aRise Of Kali : Duryodhanas Mahabharata. | ||
| 260 |
_c2015 _bTimes Group Books _aMumbai |
||
| 300 | _a529p | ||
| 440 | _v1 | ||
| 650 | _aEnglish Literature | ||
| 700 |
_aNeelakantan A _9117812 |
||
| 906 | _b27 | ||
| 999 |
_c95657 _d95657 |
||